02553nam a2200313 a 4500001000600000003000500006005001700011007000300028008004100031010001100072040000900083082002800092100003300120245010800153264007800261300004300339336002700382337002700409338002800436500002100464504003900485505057000524520097401094650003602068650003202104650003002136700003902166700003402205Z_960CHAP20240826140921.0ta220113s1990 mx a fr 001 0 spa d a164036 cCHAP00a636.5085 bC83 1990q201 aCuca García, Manueleautor10aAlimentación de las aves /cManuel Cuca García, Ernesto Ávila González y Arturo Pro Martínez 1a Montecillo, Texcoco, Estado de Mexico :bColegio de Postgraduados,c1990 a120 páginas :bilustraciones, tablas 2rdacontentatextobtxt 2rdamediaasin mediobn 2rdacarrieravolumenbnc aej.1 - ej.2: S/N aBibliografía: páginas 116 -11900grologo -- Objetivos de la nutrición aviar -- Figura 1 -- Partes del tracto digestivo -- Órganos accesorios -- Digestión y asimilación -- Metabolismo y excreción -- ¿Qué nutrientes se deben Proteínas -- Vitaminas -- Minerales -- Agua -- Carbohidratos y Grasas -- Aditivos -- Formación del huevo -- Interacción entre nutrición y tensión-enfermedad -- Fuentes de energía, proteínas y minerales para la alimentación de las aves -- El problema de las aflatoxinas en la alimentación de las aves --Formulación de dietas -- Bibliografía.  aLa industria avícola no sólo es importante desde el punto de vista económico, sino que también lo es desde el punto de vista social, ya que la proteína animal que aporta la carne y huevo, principalmente este último producto, es de las más baratas. para conseguir esto la avicultura se ha tecnificado, lo que le ha permitido mantener precios accesibles para el consumidor. Uno de los factores más importantes par lograrlo es sin suda la nutrición aviar, ya que representa 60% al 70% de los costos de producción. En la presente publicación se dan normas que pueden emplear los nutriólogos y los avicultores. También se considera que puede ser de utilidad para los estudiantes de los cursos de avicultura y nutrición, ya que les permite saber las necesidades nutritivas de las aves y conocer las propiedades de los ingredientes que se están usando para elaborar los alimentos balanceados; así como los problemas que aquejan la avicultura. 13aAves de corralxAlimentación 13aAves de corralxNutrición13aRequerimientos nutritivos1 aÁvila González, Ernestoeautor0 aPro Martínez, Arturoeautor